LEADER 01149nam a2200277 i 4500 001 000000162351 003 CaOOAMICUS 005 20080131000000.0 008 080131s1972 it u000 u ita u 013 $a139715 040 $aSeMil$bita 100 1 $aDimand, Maurice.$0(OLS)http://semarc/name/42956 245 12$aL'arte dell'Islam /$cMaurice Dimand ; sezioni sull'architettura di Donald Wilber. 260 $aFirenze :$bSansoni,$ccopyr. 1972. 300 $a371 p. :$briccamente ill. ;$c32 cm. 490 0 $aLe grandi epoche dell'arte ;$v10 500 $aContiene : Bibliografia. - In custodia. - Fondo Card. Giovanni Colombo. 650 4$aArte musulmana.$0(OLS)http://semarc/subject/7475 700 1 $aWilber, Donald.$0(OLS)http://semarc/name/42957 830 3$aLe grandi epoche dell'arte ;$v10.$0(OLS)http://semarc/title/25124 850 $aSeMil 852 $aSeMil$W1$xVenegono$y1$m5T XI 7$j113702$B113702$CSeMilBibl$Z2$F131250 $8I 941 1 $a3 961 $aLascito: Colombo Card. Giovanni 996 $6245$aL'arte dell'Islam$9(OLS)http://semarc/title/145990 996 $6260$aFirenze :$bSansoni$9(OLS)http://semarc/publisher/29843 LEADER 01247nam a2200277 i 4500 001 000000054058 003 CaOOAMICUS 005 20100525000000.0 008 100525s1989 it u000 u ita u 013 $a25230 020 $a84-401-2001-X 040 $aSeMil$bita 100 1 $aLadero Quesada, Manuel Fernando.$0(OLS)http://semarc/name/26832 245 13$aLa possibile coesistenza :$bl'Islam in Spagna a contatto con l'Occidente cristiano /$cManuel Fernando Ladero Quesada. 260 $aMilano :$bAvvenire,$c1989. 300 $a95 p. :$bill. ;$c26 cm. 500 $aEd. f.c. riservata ai lettori di Avvenire. 650 4$aArte musulmana.$0(OLS)http://semarc/subject/7475 650 4$aArabi - Spagna - Cultura.$0(OLS)http://semarc/subject/11096 650 4$aSpagna - Cultura - Sec. 7.-15.$0(OLS)http://semarc/subject/11097 850 $aSeMil 852 $aSeMil$W1$xVenegono$y1$m2X VIII 5$j251206$B20212$CSeMilBibl$Z2$F20214 $81 961 $aOmaggio: Donazione 996 $6020$a84-401-2001-X$9(OLS)http://semarc/number/28894 996 $6245$aLa possibile coesistenza :$bl'Islam in Spagna a contatto con l'Occidente cristiano$9(OLS)http://semarc/title/83554 996 $6260$aMilano :$bAvvenire$9(OLS)http://semarc/publisher/40154 LEADER 00758nam a2200193 i 4500 001 000000056620 003 CaOOAMICUS 005 19970903000000.0 008 970903n it u000 u ita u 013 $a27792 040 $aSeMil$bita 100 1 $aCosta, Beniamino.$0(OLS)http://semarc/name/12272 245 13$aLa Mariologia di S. Antonio di Padova. 600 04$aAntonio : da Padova .$0(OLS)http://semarc/subject/2023 650 4$aMariologia - Studi.$0(OLS)http://semarc/subject/1438 650 4$aTesi di laurea.$0(OLS)http://semarc/subject/1690 850 $aSeMil 852 $aSeMil$W1$xVenegono$y1$m2I IV 402$j22774$B22774$CSeMilBibl$Z2$F22776 $81 996 $6245$aLa Mariologia di S. Antonio di Padova$9(OLS)http://semarc/title/88069 LEADER 01175nam a2200217 i 4500 001 000000239865 003 CaOOAMICUS 005 20150320000000.0 008 150320s1716 it u000 u fre u 013 $a218770 026 $ae-ne leun m-n- t-co (3) 1716 (R) 040 $aSeMil$bita 245 10$aSixieme memoire sur les propositions renfermees dans la constitution Unigenitus, qui regardent la nature de l'ancienne & de la nouvelle alliance. Ou la souveraine .. 300 $a109, [3] p. 500 $aSegn. : A-E12. 773 0 $aLe Sesne des Ménilles d'Etemare, Jean Baptiste$tMemoire sur les propositions renfermées dans la constitution Unigenitus, qui regardent la nature de l'ancienne & de la nouvelle Alliance. 1. [-9.].$bSeconde edition. Révue & corrigée.$d1714-1718.$g6$w()31601 850 $aSeMil 852 $aSeMil$W1$xVenegono$y1$m3E I 132 FA$j190211$B190211$CSeMilBibl$Z2$F201058 $8I 941 1 $a10 961 $aRecupero: Mantegazza 996 $6245$aSixieme memoire sur les propositions renfermees dans la constitution Unigenitus, qui regardent la nature de l'ancienne & de la nouvelle alliance. Ou la souveraine ..$9(OLS)http://semarc/title/341518